000 02753nam a2200421 i 4500
003 DO-SdBNP
005 20250225094436.0
006 a||||dr|||| 00| 0
007 ta
008 240509t1995 dr ad||| |||| 00| 0 spa d
040 _aDO-SdBNP
_bspa
_cBNPHU
_erda
082 4 _222
_bG643m 1995
100 _aGonzález, Sarah
_929274
_eautora
245 1 0 _aMatemática y ciencias naturales:
_b8º, cuaderno de trabajo /
_cSarah González, Dulce Rodríguez, Eduardo Luna, Miledys Alberto, Andrés Molino, Berlina Liria, Manuel Valdez.. (y otros).
264 4 _a[Santo Domingo] :
_bPrograma de Mejoramiento de la Educación Básica,
_c©1995
300 _a242, 70 páginas :
_bilustracione, gráficas ;
_c26 cm.
336 _2rdacontent
_atexto
_btxt
337 _2rdamedia
_asin mediación
_bn
338 _2rdacarrier
_avolumen
_bnc
500 _aCuaderno de trabajo de 8º grado.
501 _aCon: Matemática, páginas 1 - 242 / Sarah González, Dulce Rodríguez, Eduardo Luna. Con: Ciencias Naturales, páginas [243] 1 - 70 / Miledys Alberto, Andrés Molino, Berlina Liria, Manuel Valdez, María del Mar González.
505 _aMatemática /
_rSarah González, Dulce Rodríguez y Eduardo Luna.
_tPresentación.-- Introducción.-- Cómo utilizar la matemática en mi vida.
_tNúmeros enteros.--
_tNúmeros Racionales.--
_tEcuaciones.--
_tEstadística.--
_tProbabilidades.--
_tGeometría.--
_tMediciones.
505 _aCiancias Naturales /
_rMiledys Alberto, Andrés Molino, Berlina Liria, Manuel Valdez, Maria del Mar González.
_tUnidad 1. El átomo.--
_tUnidad 2. Composición de los seres vivos.--
_tUnidad 3. Magnitudes físicas.--
_tUnidad 4. Fundamento de mecánica.--
_tUnidad 5. La energía. Formas y Transformaciones.--
_tUnidad 6. Aplicaciones de la Física Moderna.--
_tUnidad 7. Fotosíntesis.--
_tUnidad 8. La Reproducción Humana.--
_tUnidad 9. Funciones de la Relación.--
590 _aInventariado 2024 / MF
650 0 _aHistoria natural
_985422
650 4 _aDidáctica
_xMatemática
_979315
650 4 _aMatemática
_vCuaderno de trabajo
_xEnseñanza
_985423
700 1 _aGonzález, Sarah,
_929274
_eautora
_tMatemática 8º
700 1 _aRodríguez, Dulce,
_929598
_eautora
_tMatemática 8º
700 1 _aLuna, Eduardo,
_eautor
_tMatemática 8º
_985424
700 1 _aAlberto, Miledys,
_984066
_eautora
_tCiencias Naturales 8º
700 1 _aMolina, Andrés,
_9340
_eautor
_tCiencias Naturales 8º
700 1 _aLiria, Berlina,
_eautora
_tCiencias Naturales 8º
_985415
700 1 _aValdez, Manuel,
_eautor
_tCiencias Naturales 8º
_946323
700 1 _aGonzález, Maria del Mar,
_eautora
_tCiencias Naturales 8º
_985425
710 1 _aRepública Dominicana.
_bSecretaría de Estado de Educación, Bellas Artes y Cultos
_923965
942 _2ddc
_cLBS1
999 _c56622
_d56622